000 00789nam a2200229 a 4500
001 44211
003 BD-RjUL
005 20211209053821.0
008 160714s1972 bg ||||| |||| 00| p ben d
020 _c: Tk. 3.50
035 _a(BD-RjUL)44329
040 _aBD-RjUL
_bben
_cBD-RjUL
041 _aben
082 _223
_a891.441
_bKAA 1972
100 _aকায়সার, আবু
_9135750
245 1 0 _aআমি খুব লাল একটি গাড়িকে /
_cআবু কায়সার
260 _aঢাকা :
_bগণকণ্ঠ প্রকাশনী,
_c১৯৭২ (১৩৭৯)
300 _a[৮], ৫৫ পৃ. ;
_c২৩ সেমি.
650 _aবাংলা কবিতা
_9135751
650 _aBengali Poetry
_9135752
942 _2ddc
_cBK
999 _c44211
_d44211